Reader's Digest : (Record no. 8665)
[ view plain ]
| 000 -LEADER | |
|---|---|
| fixed length control field | 01424cam a2200385 a 4500 |
| 001 - CONTROL NUMBER | |
| control field | 4437006 |
| 003 - CONTROL NUMBER IDENTIFIER | |
| control field | OSt |
| 005 - DATE AND TIME OF LATEST TRANSACTION | |
| control field | 20140310182035.0 |
| 008 - FIXED-LENGTH DATA ELEMENTS--GENERAL INFORMATION | |
| fixed length control field | 940108s1992 ilua j 000 0 eng d |
| 010 ## - LIBRARY OF CONGRESS CONTROL NUMBER | |
| LC control number | 94103093 |
| 020 ## - INTERNATIONAL STANDARD BOOK NUMBER | |
| International Standard Book Number | 1561737208 : |
| Terms of availability | $5.00 |
| 035 ## - SYSTEM CONTROL NUMBER | |
| System control number | (DLC) 94103093 |
| 035 ## - SYSTEM CONTROL NUMBER | |
| System control number | (OCoLC)27800219 |
| 040 ## - CATALOGING SOURCE | |
| Original cataloging agency | OCl |
| Transcribing agency | OCl |
| Modifying agency | IWhN |
| -- | DLC |
| 042 ## - AUTHENTICATION CODE | |
| Authentication code | lccopycat |
| -- | lcac |
| 050 00 - LIBRARY OF CONGRESS CALL NUMBER | |
| Classification number | BS 570 |
| Item number | .R43 1994 |
| 082 00 - DEWEY DECIMAL CLASSIFICATION NUMBER | |
| Classification number | HS 220.92 |
| Item number | W62 1994 |
| 100 1# - MAIN ENTRY--PERSONAL NAME | |
| Personal name | Brill, Marlene Targ. |
| 9 (RLIN) | 10634 |
| 245 10 - TITLE STATEMENT | |
| Title | Reader's Digest : |
| Statement of responsibility, etc | Who's who in the Bible / |
| 260 ## - PUBLICATION, DISTRIBUTION, ETC. (IMPRINT) | |
| Place of publication, distribution, etc | Pleasantville, N.Y. : |
| Name of publisher, distributor, etc | Reader's Digest Association, |
| Date of publication, distribution, etc | c1994. |
| 300 ## - PHYSICAL DESCRIPTION | |
| Extent | 480 p. : |
| Other physical details | col. ill., col. maps ; |
| Dimensions | 28 cm. |
| 490 1# - SERIES STATEMENT | |
| Series statement | Children's Bible stories |
| 520 ## - SUMMARY, ETC. | |
| Summary, etc | Retells the story of David whose faith in God helped him overcome the Philistine giant Goliath. |
| 600 00 - SUBJECT ADDED ENTRY--PERSONAL NAME | |
| Personal name | David, |
| Titles and other words associated with a name | King of Israel |
| Form subdivision | Juvenile literature. |
| 9 (RLIN) | 10650 |
| 600 01 - SUBJECT ADDED ENTRY--PERSONAL NAME | |
| Personal name | David, |
| Titles and other words associated with a name | King of Israel. |
| 9 (RLIN) | 10651 |
| 600 01 - SUBJECT ADDED ENTRY--PERSONAL NAME | |
| Personal name | Goliath |
| Titles and other words associated with a name | (Biblical giant) |
| 9 (RLIN) | 10652 |
| 630 00 - SUBJECT ADDED ENTRY--UNIFORM TITLE | |
| Uniform title | Bible. |
| Name of part/section of a work | O.T. |
| Form subdivision | Biography |
| -- | Juvenile literature. |
| 9 (RLIN) | 10653 |
| 650 #1 - SUBJECT ADDED ENTRY--TOPICAL TERM | |
| Topical term or geographic name as entry element | Bible stories |
| General subdivision | O.T. |
| 9 (RLIN) | 10654 |
| 700 1# - ADDED ENTRY--PERSONAL NAME | |
| Personal name | Gianni, Thomas, |
| Relator term | ill. |
| 9 (RLIN) | 10655 |
| 800 1# - SERIES ADDED ENTRY--PERSONAL NAME | |
| Personal name | Brill, Marlene Targ. |
| Title of a work | Children's Bible stories. |
| 9 (RLIN) | 10656 |
| 906 ## - LOCAL DATA ELEMENT F, LDF (RLIN) | |
| a | 7 |
| b | cbc |
| c | copycat |
| d | 3 |
| e | ncip |
| f | 19 |
| g | y-gencatlg |
| 942 ## - ADDED ENTRY ELEMENTS (KOHA) | |
| Source of classification or shelving scheme | Library of Congress Classification |
| Koha item type | |
| Withdrawn status | Lost status | Source of classification or shelving scheme | Damaged status | Home library | Current library | Shelving location | Date acquired | Total Checkouts | Full call number | Barcode | Date last seen | Copy number | Price effective from | Koha item type |
|---|---|---|---|---|---|---|---|---|---|---|---|---|---|---|
| Library of Congress Classification | Luxembourg Library | Luxembourg Library | High School Section | 08/15/2013 | BS 570 .R43 1994 | 8693 | 08/15/2013 | 1 | 08/15/2013 | Books |